000
00280nam a22001337a 4500
020
_a
978-8176561686
041
_a
ENG
100
_a
Omura .G
245
_a
Mastering Auto CAD 2000
260
_a
Delhi
_b
BPB Pub
_c
2000
300
_a
1461
650
_a
Computer
856
_u
Computer
999
_c
763
_d
763